1941 1298 1510 1673 1937 1384 1540 1151 1402 1961 1834 1451 1799 1974 1430 1885 1369 1605 1278 1031 1347 1367 1887 1788 1688 1713 1185 1451 1612 1816 1965 1412 1883 1213 1294 1376 1661 1529 1260 1838 1063 1468 1715 1232 1345 1368 1749 1644 1797 1793 1102 1733 1911 1312 1577 1117 1700 1890 1506 1741 1169 1160 1890 1550 1661 1778 1510 1527 1773 1591 1988 1991 1295 1101 1001 1652 1952 1089 1616 1526 1982 1039 1815 1913 1404 1937 1212 1079 1807 1309 1023 1980 1773 1815 1708 1665 1646 1181 1270 BCNSPRNW ULIB Ver.6.0+V

เปลี่ยนเป็นภาษาไทย

Change to English
 แสดงรายละเอียดบรรณานุกรม
  กลับหน้าหลัก

Brief Record : Get Marc (ISO 2709) : E-mail record : QR code < ปิดหน้าต่าง
LEADER : 00000nam 2200000uu 4500
001    13399110441
003     ULIB
008    110530s2551||||th 000 0 tha d
020    9789749742419
050  4 TR897.7^bน284ส 2551
100 0  นรินทร์ เรืองแสน
245 10 สร้างการ์ตูน Animation ด้วย Flash /^cNarin Roungsan
260    กรุงเทพฯ :^bโปรวิชั่น,^c2551
300    413 หน้า :^bภาพประกอบ ;^c22 ซม. +^eคอมแพกต์ดิสก์ 1 แผ่น
650  7 แฟลช (โปรแกรมคอมพิวเตอร์)
650  7 การสร้างภาพเคลื่อนไหวด้วยคอมพิวเตอร์
650  7 คอมพิวเตอร์กราฟิก
650  7 ภาพยนตร์การ์ตูน^xการผลิตและการกำกับรายการ
650  7 การ์ตูน
700 0  Narin Roungsan
945    ^p369^l0^i030099
995    เกษร
999 ^a ใช้งานได้ทุกระบบ
รายการนี้ยังไม่มีแท็ก
คุณยังไม่ได้ล็อกอิน คุณสามารถมีกิจกรรมร่วมกับเว็บไซต์ได้ แต่ต้องล็อกอินก่อน ::
  ล็อกอิน

รายการสื่อสารสนเทศ

ลำดับที่ ประเภท เลขเรียก/บาร์โค้ด สถานที่ สถานะ
- ไม่พบข้อมูล -

รายการใกล้เคียง
    หัวเรื่อง [การสร้างภาพเคลื่อนไหวด้วยคอมพิวเตอร์]
    หัวเรื่อง [คอมพิวเตอร์กราฟิก]
    หัวเรื่อง [การ์ตูน]

BibComment


ยังไม่เคยถูกคอมเมนท์

คอมเมนท์ทรัพยากรรายการนี้
  คอมเมนท์: สร้างการ์ตูน Anim..


 Copyright 2026. Bcnsprnw @Library